000 00303nam a22001337a 4500
008 171009b xxu||||| |||| 00| 0 eng d
020 _a9780761921615
041 _aeng
080 _a159.9
100 _a49
101 _aPSI
245 _aPERSPECTIVES ON LOSS AND TRAUMA
_cHARVEY,J.H
942 _2udc
_cBK
999 _c32565
_d32565